[Event "English Schools Championship Final 2024"]
[Site "Nottingham University Kings Meadow Campus, United Kingdom"]
[Date "2024.06.27"]
[Round "2.76"]
[White "Pannu, Mya"]
[Black "Sisupalan, Beni"]
[Result "0-1"]
[TimeControl "G50' + 10\" per move."]
[WhiteFideId "483656"]
[BlackFideId "494585"]
[WhiteElo "1098"]
[BlackElo "1736"]

1. d4 {[%clk 00:50:19]} Nf6 {[%clk 00:42:16]} {[%emt 00:08:05]} 2. Nf3 {[%clk
00:50:22]} {[%emt 00:00:07]} g6 {[%clk 00:42:24]} {[%emt 00:00:02]} 3. e3
{[%clk 00:50:20]} {[%emt 00:00:12]} Bg7 {[%clk 00:42:30]} {[%emt 00:00:04]} 4.
Bd3 {[%clk 00:50:15]} {[%emt 00:00:16]} d6 {[%clk 00:42:29]} {[%emt 00:00:11]}
5. Nbd2 {[%clk 00:49:29]} {[%emt 00:00:55]} Nbd7 {[%clk 00:42:16]} {[%emt
00:00:23]} 6. O-O {[%clk 00:49:08]} {[%emt 00:00:31]} O-O {[%clk 00:42:19]}
{[%emt 00:00:07]} 7. b3 {[%clk 00:49:00]} {[%emt 00:00:18]} c6 {[%clk
00:42:16]} {[%emt 00:00:13]} 8. Bb2 {[%clk 00:48:36]} {[%emt 00:00:33]} Qc7
{[%clk 00:42:11]} {[%emt 00:00:15]} 9. Re1 {[%clk 00:46:20]} {[%emt 00:02:26]}
Re8 {[%clk 00:41:47]} {[%emt 00:00:34]} 10. e4 {[%clk 00:45:31]} {[%emt
00:00:59]} e5 {[%clk 00:41:22]} {[%emt 00:00:35]} 11. Rc1 {[%clk 00:43:17]}
{[%emt 00:02:25]} b6 {[%clk 00:39:32]} {[%emt 00:02:00]} 12. c4 {[%clk
00:42:19]} {[%emt 00:01:08]} exd4 {[%clk 00:36:24]} {[%emt 00:03:18]} 13. Nxd4
{[%clk 00:40:45]} {[%emt 00:01:43]} Ne5 {[%clk 00:35:24]} {[%emt 00:01:11]} 14.
Bb1 {[%clk 00:37:39]} {[%emt 00:03:16]} Bh6 {[%clk 00:34:40]} {[%emt 00:00:54]}
15. Rc3 {[%clk 00:34:09]} {[%emt 00:03:41]} a6 {[%clk 00:33:53]} {[%emt
00:00:57]} 16. N4f3 {[%clk 00:32:49]} {[%emt 00:01:29]} Bg4 {[%clk 00:32:34]}
{[%emt 00:01:29]} 17. Qc2 {[%clk 00:28:09]} {[%emt 00:04:50]} Rad8 {[%clk
00:30:17]} {[%emt 00:02:27]} 18. Nh4 {[%clk 00:24:28]} {[%emt 00:03:51]} g5
{[%clk 00:27:03]} {[%emt 00:03:24]} 19. Nf5 {[%clk 00:23:48]} {[%emt 00:00:51]}
Bxf5 {[%clk 00:26:56]} {[%emt 00:00:16]} 20. exf5 {[%clk 00:23:51]} {[%emt
00:00:07]} g4 {[%clk 00:25:26]} {[%emt 00:01:40]} 21. h3 {[%clk 00:21:35]}
{[%emt 00:02:26]} Bxd2 {[%clk 00:24:12]} {[%emt 00:01:24]} 22. Qxd2 {[%clk
00:21:31]} {[%emt 00:00:14]} Qe7 {[%clk 00:21:40]} {[%emt 00:02:41]} 23. Rg3
{[%clk 00:18:54]} {[%emt 00:02:48]} Nf3+ {[%clk 00:19:31]} {[%emt 00:02:19]} 24.
gxf3 {[%clk 00:17:26]} {[%emt 00:01:38]} Qxe1+ {[%clk 00:19:22]} {[%emt
00:00:19]} 25. Qxe1 {[%clk 00:17:10]} {[%emt 00:00:26]} Rxe1+ {[%clk 00:19:21]}
{[%emt 00:00:11]} 26. Kg2 {[%clk 00:17:12]} {[%emt 00:00:08]} Nh5 {[%clk
00:13:31]} {[%emt 00:06:00]} 27. Rxg4+ {[%clk 00:16:42]} {[%emt 00:00:40]} Kf8
{[%clk 00:13:25]} {[%emt 00:00:16]} 28. Bd3 {[%clk 00:15:54]} {[%emt 00:00:57]}
Rd1 {[%clk 00:12:14]} {[%emt 00:01:21]} 29. Be4 {[%clk 00:14:20]} {[%emt
00:01:45]} d5 {[%clk 00:11:27]} {[%emt 00:00:57]} 30. Ba3+ {[%clk 00:13:54]}
{[%emt 00:00:36]} Ke8 {[%clk 00:11:19]} {[%emt 00:00:17]} 31. Bc2 {[%clk
00:12:24]} {[%emt 00:01:40]} Rd2 {[%clk 00:11:00]} {[%emt 00:00:29]} 32. Bb1
{[%clk 00:10:32]} {[%emt 00:02:03]} Kd7 {[%clk 00:09:28]} {[%emt 00:01:41]} 33.
f6 {[%clk 00:08:48]} {[%emt 00:01:54]} Nxf6 {[%clk 00:08:01]} {[%emt 00:01:37]}
34. Bf5+ {[%clk 00:08:41]} {[%emt 00:00:17]} Kc7 {[%clk 00:07:48]} {[%emt
00:00:22]} 35. Rg7 {[%clk 00:08:41]} {[%emt 00:00:11]} Rg8 {[%clk 00:07:13]}
{[%emt 00:00:44]} 36. Rxg8 {[%clk 00:07:55]} {[%emt 00:00:56]} Nxg8 {[%clk
00:07:21]} {[%emt 00:00:03]} 37. Bxh7 {[%clk 00:07:51]} {[%emt 00:00:14]} Rxa2
{[%clk 00:06:13]} {[%emt 00:01:18]} 38. Bc1 {[%clk 00:06:48]} {[%emt 00:01:13]}
Nf6 {[%clk 00:05:56]} {[%emt 00:00:28]} 39. Bf4+ {[%clk 00:05:54]} {[%emt
00:01:05]} Kd7 {[%clk 00:05:51]} {[%emt 00:00:13]} 40. Bf5+ {[%clk 00:05:43]}
{[%emt 00:00:22]} Ke7 {[%clk 00:05:59]} {[%emt 00:00:02]} 41. Bg5 {[%clk
00:05:41]} {[%emt 00:00:11]} Re2 {[%clk 00:05:15]} {[%emt 00:00:54]} 42. Bg4
{[%clk 00:05:04]} {[%emt 00:00:47]} d4 {[%clk 00:04:47]} {[%emt 00:00:38]} 43.
f4 {[%clk 00:04:55]} {[%emt 00:00:19]} Rb2 {[%clk 00:04:09]} {[%emt 00:00:48]}
44. h4 {[%clk 00:04:53]} {[%emt 00:00:13]} d3 {[%clk 00:02:33]} {[%emt
00:01:45]} 45. h5 {[%clk 00:04:50]} {[%emt 00:00:13]} d2 {[%clk 00:02:24]}
{[%emt 00:00:19]} 46. h6 {[%clk 00:04:53]} {[%emt 00:00:07]} d1=Q {[%clk
00:02:08]} {[%emt 00:00:26]} 47. Bxd1 {[%clk 00:04:59]} {[%emt 00:00:04]} Ke6
{[%clk 00:01:37]} {[%emt 00:00:41]} 48. Bxf6 {[%clk 00:03:56]} {[%emt
00:01:12]} Kxf6 {[%clk 00:01:45]} {[%emt 00:00:02]} 49. Bh5 {[%clk 00:03:39]}
{[%emt 00:00:27]} Rd2 {[%clk 00:01:39]} {[%emt 00:00:15]} 50. Kg3 {[%clk
00:01:26]} {[%emt 00:02:24]} Rd8 {[%clk 00:01:45]} {[%emt 00:00:04]} 51. Kh4
{[%clk 00:01:20]} {[%emt 00:00:17]} Rh8 {[%clk 00:01:53]} {[%emt 00:00:02]} 52.
Bf3 {[%clk 00:00:55]} {[%emt 00:00:35]} Rxh6+ {[%clk 00:02:00]} {[%emt
00:00:02]} 53. Kg3 {[%clk 00:01:02]} {[%emt 00:00:03]} Rg6+ {[%clk 00:02:04]}
{[%emt 00:00:06]} 54. Kh2 {[%clk 00:01:09]} {[%emt 00:00:03]} Kf5 {[%clk
00:02:06]} {[%emt 00:00:08]} 55. Kh3 {[%clk 00:01:00]} {[%emt 00:00:19]} Kxf4
{[%clk 00:02:13]} {[%emt 00:00:02]} 56. Be2 {[%clk 00:00:40]} {[%emt 00:00:30]}
Rg1 {[%clk 00:02:09]} {[%emt 00:00:14]} 57. Kh2 {[%clk 00:00:31]} {[%emt
00:00:19]} Rb1 {[%clk 00:02:16]} {[%emt 00:00:03]} 58. Bh5 {[%clk 00:00:35]}
{[%emt 00:00:06]} f6 {[%clk 00:02:22]} {[%emt 00:00:03]} 59. Be8 {[%clk
00:00:40]} {[%emt 00:00:05]} c5 {[%clk 00:02:30]} {[%emt 00:00:02]} 60. Bc6
{[%clk 00:00:25]} {[%emt 00:00:26]} Rxb3 {[%clk 00:02:35]} {[%emt 00:00:04]} 61.
Bb7 {[%clk 00:00:33]} {[%emt 00:00:03]} a5 {[%clk 00:02:35]} {[%emt 00:00:10]}
62. Ba6 {[%clk 00:00:31]} {[%emt 00:00:11]} a4 {[%clk 00:02:43]} {[%emt
00:00:02]} 63. Bb7 {[%clk 00:00:23]} {[%emt 00:00:18]} a3 {[%clk 00:02:52]}
{[%emt 00:00:02]} 64. Bd5 {[%clk 00:00:15]} {[%emt 00:00:19]} a2 {[%clk
00:03:00]} {[%emt 00:00:02]} 65. f3 {[%clk 00:00:20]} {[%emt 00:00:04]} Rb2+
{[%clk 00:03:05]} {[%emt 00:00:06]} 66. Kg1 {[%clk 00:00:26]} {[%emt 00:00:04]}
a1=R# {[%clk 00:03:11]} {[%emt 00:00:04]} 0-1

[Event "English Schools Championship Final 2024"]
[Site "Nottingham University Kings Meadow Campus, United Kingdom"]
[Date "2024.06.27"]
[Round "2.77"]
[White "Chen, Eng Jie"]
[Black "Abdelalim, Hussien"]
[Result "1-0"]
[TimeControl "G50' + 10\" per move."]
[WhiteFideId "343428584"]
[WhiteElo "1718"]
[BlackElo "1336"]

1. e4 {[%clk 00:50:19]} {[%emt 06:15:12]} c6 {[%clk 00:50:18]} {[%emt
00:00:02]} 2. d4 {[%clk 00:50:17]} {[%emt 00:00:01]} d5 {[%clk 00:50:23]}
{[%emt 00:00:13]} 3. f3 {[%clk 00:50:22]} {[%emt 00:00:07]} dxe4 {[%clk
00:50:05]} {[%emt 00:00:28]} 4. fxe4 {[%clk 00:50:27]} {[%emt 00:00:05]} Nf6
{[%clk 00:50:01]} {[%emt 00:00:13]} 5. e5 {[%clk 00:50:30]} {[%emt 00:00:08]}
Nd5 {[%clk 00:49:50]} {[%emt 00:00:21]} 6. c4 {[%clk 00:50:29]} {[%emt
00:00:12]} Nb6 {[%clk 00:49:37]} {[%emt 00:00:13]} 7. Nc3 {[%clk 00:50:31]}
{[%emt 00:00:18]} Bf5 {[%clk 00:49:27]} {[%emt 00:00:19]} 8. Be3 {[%clk
00:50:19]} {[%emt 00:00:23]} e6 {[%clk 00:49:18]} {[%emt 00:00:19]} 9. Bd3
{[%clk 00:50:17]} {[%emt 00:00:12]} Bxd3 {[%clk 00:49:10]} {[%emt 00:00:18]} 10.
Qxd3 {[%clk 00:50:22]} {[%emt 00:00:05]} N8d7 {[%clk 00:49:08]} {[%emt
00:00:11]} 11. Nf3 {[%clk 00:49:51]} {[%emt 00:00:41]} Rc8 {[%clk 00:48:55]}
{[%emt 00:00:24]} 12. O-O {[%clk 00:49:18]} {[%emt 00:00:43]} Be7 {[%clk
00:48:17]} {[%emt 00:00:48]} 13. Rad1 {[%clk 00:48:25]} {[%emt 00:01:02]} O-O
{[%clk 00:47:55]} {[%emt 00:00:33]} 14. a4 {[%clk 00:47:48]} {[%emt 00:00:47]}
a5 {[%clk 00:45:55]} {[%emt 00:02:10]} 15. d5 {[%clk 00:45:17]} {[%emt
00:02:41]} cxd5 {[%clk 00:43:32]} {[%emt 00:02:33]} 16. cxd5 {[%clk 00:45:17]}
{[%emt 00:00:10]} Bb4 {[%clk 00:41:09]} {[%emt 00:02:33]} 17. Ng5 {[%clk
00:41:18]} {[%emt 00:04:09]} g6 {[%clk 00:40:23]} {[%emt 00:00:56]} 18. dxe6
{[%clk 00:40:22]} {[%emt 00:01:07]} fxe6 {[%clk 00:34:11]} {[%emt 00:06:21]} 19.
Rxf8+ {[%clk 00:36:28]} {[%emt 00:04:04]} Qxf8 {[%clk 00:33:48]} {[%emt
00:00:33]} 20. Qb5 {[%clk 00:35:10]} {[%emt 00:01:29]} Bc5 {[%clk 00:31:06]}
{[%emt 00:02:51]} 21. Bxc5 {[%clk 00:34:34]} {[%emt 00:00:46]} Rxc5 {[%clk
00:31:02]} {[%emt 00:00:14]} 22. Nxe6 {[%clk 00:32:22]} {[%emt 00:02:22]} Rxb5
{[%clk 00:24:06]} {[%emt 00:07:06]} 23. Nxf8 {[%clk 00:32:21]} {[%emt
00:00:11]} Kxf8 {[%clk 00:22:41]} {[%emt 00:01:34]} 24. axb5 {[%clk 00:32:17]}
{[%emt 00:00:14]} Nxe5 {[%clk 00:22:13]} {[%emt 00:00:38]} 25. Rd8+ {[%clk
00:32:08]} {[%emt 00:00:18]} Kg7 {[%clk 00:21:40]} {[%emt 00:00:43]} 26. Rb8
{[%clk 00:32:09]} {[%emt 00:00:09]} Nbc4 {[%clk 00:21:18]} {[%emt 00:00:32]} 27.
Rxb7+ {[%clk 00:32:05]} {[%emt 00:00:14]} Kf6 {[%emt 00:00:08]} 28. Rxh7 {[%emt
00:00:56]} Nxb2 {[%clk 00:19:48]} {[%emt 00:00:37]} 29. b6 {[%clk 00:31:25]}
{[%emt 00:00:51]} Nc6 {[%clk 00:19:41]} {[%emt 00:00:16]} 30. Rc7 {[%clk
00:31:15]} {[%emt 00:00:20]} Nb8 {[%clk 00:19:26]} {[%emt 00:00:25]} 31. Rc8
{[%clk 00:30:57]} {[%emt 00:00:28]} Na6 {[%clk 00:19:19]} {[%emt 00:00:18]} 32.
b7 {[%clk 00:30:55]} {[%emt 00:00:12]} a4 {[%clk 00:19:01]} {[%emt 00:00:28]}
33. Rc6+ {[%clk 00:30:46]} {[%emt 00:00:18]} Kf5 {[%clk 00:17:54]} {[%emt
00:01:18]} 34. Rxa6 {[%clk 00:30:47]} {[%emt 00:00:09]} g5 {[%clk 00:17:39]}
{[%emt 00:00:38]} 35. b8=Q {[%clk 00:29:47]} {[%emt 00:01:17]} g4 {[%clk
00:17:02]} {[%emt 00:00:47]} 36. Qb5+ {[%clk 00:29:30]} {[%emt 00:00:28]} Kf4
{[%clk 00:16:38]} {[%emt 00:00:33]} 37. Rf6+ {[%clk 00:29:37]} {[%emt
00:00:03]} Ke3 {[%clk 00:16:19]} {[%emt 00:00:29]} 38. Re6+ {[%clk 00:29:02]}
{[%emt 00:00:46]} Kf4 {[%clk 00:15:58]} {[%emt 00:00:30]} 39. Qe5# {[%clk
00:28:57]} {[%emt 00:00:14]} 1-0